Introduction

Spolupráca 5 univerzít z Vyšehradskej štvorky.

Saved in:
Bibliographic Details
Main Author: Puškárová, Paula, 1985-
Other Authors: Bartalosová, Erika, 1986-
Format: Book Chapter
Language:English
Tags: Add Tag
No Tags, Be the first to tag this record!

MARC

LEADER 00000naa$a2200000$$$4500
001 0193542
005 20240502073235.6
041 0 |a eng 
044 |a SK 
245 1 0 |a Introduction  |c Paula Puškárová, Erika Bartalosová 
520 |a Spolupráca 5 univerzít z Vyšehradskej štvorky. 
100 1 |a Puškárová, Paula, 1985- 
700 1 |a Bartalosová, Erika, 1986-